Štrukturované produkty na finančných trhoch

Na svetových kapitálových trhoch sa v súčasnosti odohrávajú významné zmeny, ktoré sú dôsledkom nielen veľkých finančných kríz, technologickej bubliny na prelome tisícročia, ale aj výraznou zmenou v orientácii investorov. Títo sa vo veľkej miere začínajú orientovať na nové produkty, ktoré do značnej...

Ausführliche Beschreibung

Gespeichert in:
Bibliographische Detailangaben
1. Verfasser: Chovancová, Božena
Format: Buchkapitel
Sprache:Slowakisch
Schlagworte:
Tags: Tag hinzufügen
Keine Tags, Fügen Sie das erste Tag hinzu!

MARC

LEADER 00000nla$a2200000$$$4500
001 0055427
005 20240502071631.6
041 0 |a slo 
044 |a SK 
245 1 0 |a Štrukturované produkty na finančných trhoch  |c Božena Chovancová 
520 |a Na svetových kapitálových trhoch sa v súčasnosti odohrávajú významné zmeny, ktoré sú dôsledkom nielen veľkých finančných kríz, technologickej bubliny na prelome tisícročia, ale aj výraznou zmenou v orientácii investorov. Títo sa vo veľkej miere začínajú orientovať na nové produkty, ktoré do značnej miery garantujú pre nich výnosy. V skladbe nových tzv. štrukturovaných produktov osobitné postavenie nadobúdajú investičné certifikáty, ktoré majú rôzne modifikácie (indexové certifikáty, basket certifikáty, garantované certifikáty, discount certifikáty, airbag certifikáty, bonus certifikáty, sprint certifikáty, outperformance certifikáty, strategické a tematické certifikáty). Osobitné postavenie pri konštrukcii týchto produktov majú komerčné banky a ich asset managementy, ktoré sa snažia pre svojich klientov ušiť produkty na mieru, z čoho vyplýva, že mnohé produkty majú špecifické vlastnosti a sú jedinečné. Riziká a budúcnosť investičných certifikátov. 
610 2 0 |a trh kapitálový 
610 2 0 |a produkty 
610 2 0 |a certifikáty investičné 
610 2 0 |a dlhopisy 
100 1 |a Chovancová, Božena